Contabilidad General Básica Teoría y Práctica : (Record no. 22740)

000 -CABECERA
fixed length control field 01223nam a22002777i 4500
003 - IDENTIFICADOR DEL NÚMERO DE CONTROL
control field AR-CdUCM
008 - DATOS DE LONGITUD FIJA--INFORMACIÓN GENERAL
fixed length control field 231025b20212021pe ad||| |||| 001 0 spa d
020 ## - NÚMERO INTERNACIONAL ESTÁNDAR DEL LIBRO
ISBN 978-612-00-6982-0
040 ## - FUENTE DE LA CATALOGACIÓN
Agencia/entidad que catalogó originalmente la obra MUNICIPALIDAD PROVINCIAL DEL CUSCO
Entidad que transcribió la catalogación BIBLIOTECA MUNICIPAL DEL CUSCO
082 ## - NÚMERO DE LA CLASIFICACIÓN DECIMAL DEWEY
No. de Clasificación 657 / P46
Notacion interna P46
100 ## - ENTRADA PRINCIPAL--NOMBRE DE PERSONA
Nombre Personal Pérez Suárez, Jancarlo
245 ## - MENCIÓN DE TÍTULO
Título Contabilidad General Básica Teoría y Práctica :
Resto del título La contabilidad-la empresa-la cuenta y los asientos contables-libros y registros contables-los estados financieros /
260 ## - PUBLICACIÓN, DISTRIBUCIÓN, ETC.
Lugar de publicación, distribución, etc. Cusco :
Fecha de publicación, distribución, etc. 2021.
300 ## - DESCRIPCIÓN FÍSICA
Nº de Páginas Extensión 225 páginas. :
Dimensiones 24 cm.
500 ## - NOTA GENERAL
Bibliografía Bibliografía: página 223-225
505 ## - NOTA DE CONTENIDO CON FORMATO
Nota de contenido formateada La ciencia -- Concepto, Antecedentes, Importancia de la contabilidad -- Clasificación de la contabilidad -- Teneduría de libros -- Estados financieros -- El ingreso y la renta -- Funciones de la empresa -- Registro de ventas -- Libro de caja y bancos.
650 ## - PUNTO DE ACCESO ADICIONAL DE MATERIA--TÉRMINO DE MATERIA
Descriptor La contabilidad
9 (RLIN) 38788
650 ## - PUNTO DE ACCESO ADICIONAL DE MATERIA--TÉRMINO DE MATERIA
Descriptor Proceso contable
9 (RLIN) 49037
650 ## - PUNTO DE ACCESO ADICIONAL DE MATERIA--TÉRMINO DE MATERIA
Descriptor Empresa privada
9 (RLIN) 49038
650 ## - PUNTO DE ACCESO ADICIONAL DE MATERIA--TÉRMINO DE MATERIA
Descriptor Calculo - rentas
9 (RLIN) 49039
650 ## - PUNTO DE ACCESO ADICIONAL DE MATERIA--TÉRMINO DE MATERIA
Descriptor Tributos empresariales
9 (RLIN) 49040
650 ## - PUNTO DE ACCESO ADICIONAL DE MATERIA--TÉRMINO DE MATERIA
Descriptor Empresa pública
9 (RLIN) 49041
942 ## - ELEMENTOS DE PUNTO DE ACCESO ADICIONAL (KOHA)
Fuente de clasificación
Tipo de item Libros-BMC
945 ## - PROCESAMIENTO DE INFORMACIÓN LOCAL (OCLC)
Catalogador pebm
AAAA-MM-DD - Fecha de ingreso o modificacion 2023-10-25
Holdings
Estado de retiro (separado) Fuente de clasificación o esquema de estanterías Estado dañado Ubicación Sala donde se ubica Nombre de la colección Fecha de adquisición o compra Fuente de adquisición Costo, precio normal en soles Signatura topográfica Código de Barras Última vez visto (Koha) Tipo de ítem (Koha)
No     Sala Ciencias Sala Ciencias Book Cart 2023-10-25 Donación 20.00 657 / P46 SC0000002370 2023-10-25 Libros-BMC

Powered by Koha